Cinéma commençant par la lettre S - Statistiques

Statistiques générales
  • Ce quiz a été pris 1 024 fois
  • Le résultat moyen est 4 sur 12
Statistiques - réponses
Hint Réponse % Correct
Ogre de fiction voulant retrouver la quiétude de son marais Shrek
97%
Nom de famille de Luke, Anakin et Shmi Skywalker
91%
Film sorti en 1932, puis en 1983, dont le titre était le surnom d'Al Capone Scarface
61%
Cinéaste américain, surnommé "Le Roi du divertissement" Steven Spielberg
40%
Réalisateur d'origine italienne, ami de ce dernier, connu pour ses films de gangsters Martin Scorsese
36%
Acteur français ayant reçu 3 Césars, notamment pour La Cage aux folles Michel Serrault
32%
Film à suspense sorti en 1958, où ce dernier est atteint d'acrophobie Sueurs froides
23%
Cinéaste français, ayant fait tourné Romy Schneider à 5 reprises Claude Sautet
20%
Acteur américain, interprète de Mr. Smith et George Bailey James Stewart
15%
Actrice américaine révélée par Godard, proche du mouvement des Black Panthers Jean Seberg
12%
Actrice du cinéma muet, ayant renoué avec le succès avec Boulevard du crépuscule Gloria Swanson
7%
Type de comédie américaine burlesque, populaire à partir des années 30 Screwball comedy
3%
Aucun quiz correspondant
Distribution des résultats
% des personnes avec chaque résultat
Percentile par nombre de réponses
Votre historique - résultats
Vous n’avez pas pris ce quiz